| 000 | 00702nam a2200217 i 4500 | ||
|---|---|---|---|
| 001 | 70022 | ||
| 003 | ES-MaACL | ||
| 005 | 20230906170708.0 | ||
| 007 | t| | ||
| 008 | 040715s1972 sp ||||1| spa d | ||
| 080 | _a681.31.06 Fortran:371.315.7 | ||
| 100 | 1 |
_aGarcía Merayo, Félix. _954942 |
|
| 245 | 1 | 3 |
_aEl lenguaje Fortran / _cFélix García Merayo. |
| 260 |
_aMadrid : _bParaninfo, _c1972. |
||
| 300 |
_a295 p. : _bil. ; _c21 cm. |
||
| 490 | 1 | _aBiblioteca técnica Philips. Orientación educativa | |
| 650 | 4 |
_aFORTRAN (Lenguaje de programación) _9155816 |
|
| 830 | 1 |
_aBiblioteca técnica Philips. Orientación educativa _9231023 |
|
| 852 |
_aES-MaACL _jC-47259 |
||
| 999 |
_c70022 _d70022 |
||